| 000 | 00771nam a2200229Ia 4500 | ||
|---|---|---|---|
| 003 | GCL | ||
| 005 | 20240530103056.0 | ||
| 008 | 140319s9999 xx 000 0 ara d | ||
| 040 |
_aGCL / _cGCL |
||
| 082 | 0 | 4 |
_a320.101 _bس ت |
| 100 | 1 | _aساباين ، جورج | |
| 245 | 1 | 0 |
_aتطور الفكر السياسى :الكتاب الاول / _cجورج هـ. ساباين ؛ ترجمة حسن جلال العروسى |
| 260 |
_a[S.N] : _bدار المعارف ، _c1954 |
||
| 300 | _a178 ص | ||
| 650 | 0 | 4 | _aالمبادئ السياسية |
| 650 | 0 | 4 | _aالسياسة |
| 650 | 0 | 4 | _aنظريات |
| 650 | 0 | 4 | _aالنظم السياسية |
| 700 | 1 | _aحسن جلال العروسى | |
| 700 | 1 | _aعثمان خليل عثمان (مراجع) | |
| 942 |
_2ddc _cBK |
||
| 999 |
_c36616 _d36616 |
||